000
00277nam a2200109Ia 4500
008
210430s9999 xx 000 0 und d
082
_a
378.1664 G786114G
245
_a
GRE Practicing to take the General Test Big Book
260
_c
2000
300
_a
1086p.
942
_c
BK
_2
ddc
999
_c
565566
_d
565566